Statistiques concernant Nommer les pays OPEP et NON OPEP

Cliquez ici pour prendre le quiz!

Statistiques générales

  • Ce quiz a été pris 11 fois
  • Le résultat moyen est 13 sur 21

Statistiques - réponses

HintRéponse% Correct
OPEPArabie Saoudite
100%
OPEPIran
100%
OPEP - EEmirats Arabes Unis
90%
OPEP - IIrak
90%
OPEP - KKoweit
90%
NON - EEtats Unis
80%
NON - RRussie
80%
OPEP - VVenezuela
80%
OPEP - AAlgérie
70%
NONChine
70%
OPEP - LLibye
60%
NON - BBrésil
50%
NON - CCanada
50%
NON - MMexique
50%
OPEP - NNigeria
40%
OPEPAngola
30%
OPEP - CCongo
30%
NON - NNorvège
30%
OPEPÉquateur
20%
OPEPGabon
20%
OPEP - GGuinée Équatoriale
20%

Distribution des résultats

Percentile par nombre de réponses

% des personnes avec chaque résultat

Votre développement - résultats

Vous n’avez pas pris ce quiz